000 00621nam a2200181Ia 4500
008 090630s9999 xx 000 0 und d
082 _b21819
100 _aगोडबोले मंगला.
245 _aकुंपण आणि आकाश.
_cगोडबोले मंगला.
260 _bनवचैतन्य.
_c1985
300 _a152
600 _aगोडबोले मंगला.
630 _aकुंपण आणि आकाश.
655 _aइतर.
700 _aगोडबोले मंगला.
730 _aकुंपण आणि आकाश.
942 _cBOOK
999 _c273675
_d273675